000 00210nam a22000857a 4500
008 160808b xxu||||| |||| 00| 0 eng d
100 _952
_aGoscinny R
245 _aRoman Agent
260 _aUSA
_bOrion Publication
_c2004
999 _c2808
_d2808